000 00774nam a2200301Mi 4500
001 100831
005 20230410143110.0
008 070830s2007 fr 000 0 fre d
035 _a(OCoLC)ocn170033815
040 _aTZT
_cTZT
020 _a9782212539257
020 _a2212539258
029 0 _aTZT
_bJTL00208349
035 _a(OCoLC)170033815
072 7 _aDS
_2lcco
082 1 4 _a954
_21
049 _aGRAL
050 1 4 _abAS854p 2010
100 1 _aAstier, Alexandre.
245 1 0 _aPetite histoire de l'Inde /
_cAlexandre Astier.
260 _aParis :
_bEyrolles,
_c2010.
300 _a217 p.
653 _aIndia
_aHistory
938 _aJean Touzot Libraire Editeur
_bTOUZ
_nJTL00208349
_c10 EUR
942 _2lcc
_cbk
946 _aMAT
994 _aC0
_bDRFGD
999 _c95690
_d95690